|
|
|
|
| LEADER |
00000nab#a22000007a#4500 |
| 001 |
arbauad015554 |
| 003 |
AR-BaUAD |
| 005 |
20250711111438.0 |
| 008 |
960422|||||||||###||||||b###|0###a|spa|| |
| 040 |
|
|
|a AR-BaUAD
|c AR-BaUAD
|b spa
|
| 245 |
1 |
0 |
|a A posible dream
|
| 300 |
0 |
|
|b fot., plantas, vistas
|
| 653 |
|
|
|a PLAZAS
|
| 653 |
|
|
|a PLAZA GUADALUPE
|
| 653 |
|
|
|a SAN ANTONIO
|
| 653 |
|
|
|a TEXAS
|
| 653 |
|
|
|a ESTADOS UNIDOS
|
| 653 |
|
|
|a REYNA, ELIAS
|
| 653 |
|
|
|a CARAGONNE, ALEX
|
| 773 |
0 |
|
|t ARCHITECTURAL RECORD
|g [oct. 1987], p. 128-133
|
| 942 |
|
|
|c ARTI
|
| 952 |
|
|
|0 0
|1 0
|4 0
|7 0
|9 60474
|a AR-BAuAD
|b AR-BAuAD
|d 2025-07-11
|l 0
|p AAQA015554
|r 2025-07-11 11:14:38
|w 2025-07-11
|y ARTI
|
| 990 |
|
|
|a AQ198
|b TD
|
| 998 |
|
|
|a AAQ
|b BIBUN76
|
| 999 |
|
|
|c 40147
|d 40147
|